Statistics for Members of Apink (Kpop)

Click here to take the quiz!

General Stats

  • This quiz has been taken 84 times
  • The average score is 6 of 7

Answer Stats

Answer % Correct
Chorong
99%
Naeun
99%
Bomi
98%
Eunji
93%
Hayoung
88%
Namjoo
88%
Yookyung
43%

Score Distribution

Percentile by Number Answered

Percent of People with Each Score

Your Score History

You have not taken this quiz